Servitude et grandeur militaires /

Saved in:
Bibliographic Details
Main Author: Vigny, Alfred de, 1797-1863
Other Authors: Cruickshank, J.
Format: Book
Language:French
Published: London : University of London Press, 1966.
LEADER 00821nam a2200205ra 4500
001 c000371219
003 CARM
005 00000000000000.0
008 851211s1966 enk 00010 fre d
019 1 |a 28353872  |z 40252503  |z 10746587  |z 4183510  |5 LACONCORD2021 
035 |a (OCoLC)2528438  |5 LACONCORD2021 
100 1 |a Vigny, Alfred de,  |d 1797-1863. 
245 1 0 |a Servitude et grandeur militaires /  |c Alfred de Vigny ; edited with an introduction by J. Cruickshank. 
260 |a London :  |b University of London Press,  |c 1966. 
300 |a 255 p. 
700 1 |a Cruickshank, J. 
852 8 |b CARM  |h A1:AN26F0  |i B08891  |p 0419158  |f BK 
082 0 4 |a 843.7 
999 f f |i 9b30539b-4f60-55c1-94e1-2eb4e38ef9ce  |s b25e2518-2b47-5bea-9cb6-fc255a9e403e 
952 f f |p Can circulate  |a CAVAL  |b CAVAL  |c CAVAL  |d CARM 1 Store  |e B08891  |f A1:AN26F0  |h Other scheme  |i book  |m 0419158